000 00367nam a2200157 4500
008 190524s1989||||xo d
100 1 _aKosidowski zenom
_91154
245 1 0 _aCo rozprávali proroci
260 _bObzor
_aBratislava
_c1989
250 _a1.vydanie
300 _a309s.
020 _a8012500069
_c0
041 1 _aslo
044 _axo
_cSK
958 _aAUL
999 _c22457
_d22457